000 00228nam a22000857a 4500
008 161028b xxu||||| |||| 00| 0 eng d
100 _9975
_aAggarwal.R.C.
245 _aMaangani Paravaigal
260 _aNew Delhi
_bCBT. Publications
_c2008
999 _c3634
_d3634